000
00274nam a2200109 4500
999
_c
11744
_d
11744
003
OSt
005
20230718162258.0
008
230718b ||||| |||| 00| 0 eng d
245
_a
Financial management of government housing projects
260
_b
United Nations
942
_2
ddc